Statistiques concernant Histoire: Avant/Après/Pendant #3: spécial 2012

Cliquez ici pour prendre le quiz!

Statistiques générales

  • Ce quiz a été pris 216 fois
  • Le résultat moyen est 9 sur 15

Statistiques - réponses

QuestionRéponse% Correct
Donald Trump est élu président des États-Unis.Après
97%
Attentats de "Charlie hebdo".Après
94%
Décès de Michael Jackson.Avant
87%
Londres accueille les Jeux Olympiques pour la troisième fois.Pendant
81%
Catastrophe de Fukushima au Japon.Avant
79%
L'Espagne gagne sa première Coupe du Monde de football.Avant
76%
Barack Obama est réélu président des États-Unis.Pendant
72%
Crise de CriméeAprès
67%
Élection du pape François.Après
66%
Haïti est frappé par un puissant séisme, provoquant la mort de plus de 200.000 personnes.Avant
66%
Attentats au marathon de Boston.Après
41%
Mohamed Merah est abattu.Pendant
36%
Le naufrage du Costa Concordia.Pendant
34%
L'Albanie et la Croatie entrent dans l'OTAN.Avant
28%
Xi Jinping succède à Hu Jintao en tant que président de la Chine.Pendant
18%

Distribution des résultats

Percentile par nombre de réponses

% des personnes avec chaque résultat

Votre développement - résultats

Vous n’avez pas pris ce quiz